The triumph of the middle classes (Record no. 60451)

MARC details
000 -LEADER
fixed length control field 00567nam a2200145 a 4500
008 - FIXED-LENGTH DATA ELEMENTS--GENERAL INFORMATION
fixed length control field 120416s1966 ||||||||||||||||| || u
050 ## - LIBRARY OF CONGRESS CALL NUMBER
Classification number CB 415 Mor
100 ## - MAIN ENTRY--PERSONAL NAME
Personal name Moraze, Chales
245 14 - TITLE STATEMENT
Title The triumph of the middle classes
246 ## - VARYING FORM OF TITLE
Title proper/short title a political and social history of Europe in the 19th century
260 ## - PUBLICATION, DISTRIBUTION, ETC.
Place of publication, distribution, etc. Garden city, N.Y.
Name of publisher, distributor, etc. Anchor Books
Date of publication, distribution, etc. 1966
300 ## - PHYSICAL DESCRIPTION
Extent xiii, 577p.
350 ## - PRICE (NR) (BK AM CF MU VM SE) [OBSOLETE]
Price 0.00
995 ## - RECOMMENDATION 995 [LOCAL, UNIMARC FRANCE]
-- 0.00
-- CBU-MAIN LIBRARY (Kitwe)
-- 1
-- 0.00
-- AVAILABLE
-- Jun 13, 2006
-- Annex Low-Usage Collection
Holdings
Withdrawn status Lost status Source of classification or shelving scheme Damaged status Not for loan Home library Current library Shelving location Date acquired Total Checkouts Full call number Barcode Date last seen Price effective from Koha item type
          CBU-MAIN LIBRARY, KITWE. CBU-MAIN LIBRARY, KITWE.   11/30/2022   CB 415 Mor 001481 11/30/2022 11/30/2022 MONOGRAPH